000 01178nam a2200205 i 4500
001 189618
003 ES-MaACL
005 20250626063224.0
008 190703s1866 fr |||| | fre d
100 1 _aÉlie de Beaumont, Léonce,
_d1798-1874
_946988
245 1 0 _aTableau des données numériques
_b: qui fixent, sur la surface de la France et des contrées limitrophes, les points où se coupent mutuellement vingt-neuf cercles du réseau pentagonal /
_cpar M. L. Élie de Beaumont.
260 _aParis :
_bGauthier-Villars, Imp.-Lib.,
_c1866.
300 _a44 p. ;
_c27 cm.
594 _aPrecede al tít.: Institut Impérial de France, Académie des Sciences.
595 _aExtrait des "Comptes rendus des séances de l'Académie des Sciences", t. LXII, séance du 11 juin 1866, et t. LXIII, séances des 9, 16 et 23 juillet 1866.
650 4 _aProyección cartográfica.
_9154258
710 2 _aAcadémie des sciences (Francia)
_91231
852 _aES-MaACL
_jL-32451(4)
_z- Enc. cart.
_z. - Legado Federico de Botella y de Hornos
_z- Enc. en un vol. facticio, con tít. en el lomo de: Rapport sur les progrés de la stratigraphie
999 _c189618
_d189618